Advanced Engineering Mathematics

Сохранить в:
Библиографические подробности
Главный автор: Wylie, C. R (Автор)
Формат:
Язык:английский
Опубликовано: Nueva York McGraw-Hill 1966
Редактирование:3a. ed
Предметы:
Метки: Добавить метку
Нет меток, Требуется 1-ая метка записи!

MARC

LEADER 00000nam a2200000 a 4500
001 UCG0702
003 CL-VaPUC
008 100401e19660000US |||||||||||||||||eng|d
082 0 4 |a 510  |b WYL  |2 21 
100 0 |a Wylie, C. R  |e author  |9 548212 
245 1 0 |a Advanced Engineering Mathematics 
250 |a 3a. ed 
300 |a 813 p 
942 |c BK 
945 |d 20100401 00:00:00  |a dcastane 
260 |a Nueva York  |b McGraw-Hill   |c 1966 
650 0 |a Matemáticas aplicadas  |9 342401 
650 0 |a Matemática  |9 260235 
650 0 |a Física matemática   |9 260981 
650 0 |a Matemática para Ingeniería  |9 548213 
650 0 |a Cálculo  |9 260234 
650 0 |a Ingeniería   |9 259380 
583 |a last modification  |c 20130325 06:46:26  |k Rodrigo Vera 
999 |c 340247  |d 340245